The historical development of Indian music : (Record no. 8130)
[ view plain ]
| 000 -LEADER | |
|---|---|
| fixed length control field | 00813cam a2200277 a 4500 |
| 001 - CONTROL NUMBER | |
| JCCL Control Number | 8130 |
| 003 - CONTROL NUMBER IDENTIFIER | |
| JCCL marc code | BD-JhCC |
| 005 - DATE AND TIME OF LATEST TRANSACTION | |
| control field | 20180218194924.0 |
| 008 - FIXED-LENGTH DATA ELEMENTS--GENERAL INFORMATION | |
| fixed length control field | 740903s1973 ii a b 000 0 eng |
| 035 ## - SYSTEM CONTROL NUMBER | |
| system control number | (BD-JhCC)8130 |
| 035 ## - SYSTEM CONTROL NUMBER | |
| system control number | 196691 |
| 040 ## - CATALOGING SOURCE | |
| Original cataloging agency | LC |
| Transcribing agency | LC |
| Modifying agency | NUN |
| -- | BD-JhCC |
| 041 ## - LANGUAGE CODE | |
| Language code of Book | eng |
| 050 00 - LIBRARY OF CONGRESS CALL NUMBER | |
| Classification number | ML338 |
| Item number | .P72 1973 |
| 082 14 - DEWEY DECIMAL CLASSIFICATION NUMBER | |
| Classification number | 781.7/54 |
| DDC Edition number | 19 |
| Author mark and Year | PRA 1973 |
| 082 14 - DEWEY DECIMAL CLASSIFICATION NUMBER | |
| Classification number | 781.7/54 |
| 100 0# - MAIN ENTRY--PERSONAL NAME | |
| Personal name | Prajnanananda, |
| Titles and other words associated with a name | Swami, |
| Dates associated with a name | 1907- |
| 245 14 - TITLE STATEMENT | |
| Title | The historical development of Indian music : |
| Remainder of title | a critical study / |
| Statement of responsibility, etc | by Swami Prajnanananda. |
| 250 ## - EDITION STATEMENT | |
| Edition statement | [2d new ed.] |
| 260 ## - PUBLICATION, DISTRIBUTION, ETC. (IMPRINT) | |
| Place of publication, distribution, etc | Calcutta, |
| Name of publisher, distributor, etc | Firma K. L. Mukhopadhyay, |
| Date of publication, distribution, etc | 1973. |
| 300 ## - PHYSICAL DESCRIPTION | |
| Pagination | xv, 495 p. : |
| Other physical details | ill. ; |
| Dimensions | 22 cm. |
| 504 ## - BIBLIOGRAPHY, ETC. NOTE | |
| Bibliography, etc | Bibliography: p. [486]-495. |
| 650 #0 - SUBJECT ADDED ENTRY--TOPICAL TERM | |
| Topical term or geographic name as entry element | Music |
| Geographic subdivision | India |
| General subdivision | History and criticism. |
| 942 ## - ADDED ENTRY ELEMENTS (KOHA) | |
| Source of classification or shelving scheme | Dewey Decimal Classification |
| Koha item type | Books |
| Source of classification or shelving scheme | Damaged status | Not for loan | Home library | Current library | Shelving location | Total Checkouts | Full call number | Barcode | Date last seen | Copy number | Koha item type |
|---|---|---|---|---|---|---|---|---|---|---|---|
| Dewey Decimal Classification | JCC Rouf Library | JCC Rouf Library | General Stacks | 781.7/54 PRA 1973 | 10725 | 02/18/2018 | C - 1 | Books |